Formula One Race Winners of the 1970s - Statistics

General Stats
  • This quiz has been taken 29 times
  • The average score is 25 of 29
Answer Stats
Wins Teams Nationality Answer % Correct
5 ShadowWilliams Australian Alan Jones
100%
9 BrabhamFerrari Argentine Carlos Reutemann
100%
5 FerrariWilliams Swiss Clay Regazzoni
100%
3 McLaren Kiwi Denny Hulme
100%
14 LotusMcLaren Brazilian Emerson Fittipaldi
100%
5 Ferrari Belgium Jackie Ickx
100%
16 MarchTyrrell British Jackie Stewart
100%
10 HeskethMcLaren British James Hunt
100%
10 TyrrellWolf Ferrari South African Jodie Scheckter
100%
12 FerrariLotus American Mario Andretti
100%
16 FerrariBrabham Austria Niki Lauda
100%
10 LotusMarch Swedish Ronnie Peterson
100%
4 Ferrari Canadian Gilles Villeneuve
96%
1 Brabham Australian Jack Brabham
87%
1 BRM Swiss Jo Siffert
87%
1 BRM Mexican Pedro Rodriguez
83%
1 Brabham Brazilian Carlos Pace
78%
1 Tyrrell French Francois Cevert
78%
3 Ligier French Jacques Laffite
78%
1 McLaren German Jochen Mass
78%
1 Lotus Swedish Gunnar Nilsson
74%
2 McLaren American Peter Revson
74%
1 March Italian Vittorio Brambilla
74%
1 BRM French Jean-Pierre Beltoise
70%
1 Renault French Jean-Pierre Jabouille
70%
1 Penske British John Watson
65%
2 TyrrellLigier French Patrick Depailler
65%
5 Lotus German Jochen Rindt
61%
1 BRM British Peter Gethin
43%
No matching quizzes found
Score Distribution
Percent of People with Each Score
Percentile by Number Answered
Your Score History
You have not taken this quiz